00671cam a22001694a 4500020001500000040000800015082002600023100003300049245008300082260010400165300004900269650003000318650002300348650002800371700001800399710008400417 a9715601294 cDLC a770 SOU 2006 A087 Or.1 aLagunzad, Catherine Barreto-10aEndangered beauty :bMt. Malindang and its environs in Mindanao, Philippines / a[Laguna] :bSoutheast Asian Regional Center for Graduate Study and Research in Agriculture,cc2006. a133 p. :bcol. ill., col. map ;c24 x 31 cm. 0aBiodiversity conservation 0aEndangered species 0aPlant species diversity1 aOng, Perry S.2 aSoutheast Asian Regional Centre for Graduate Study and Research in Agriculture.